Enseñar evolución y genética para la alfabetización científica.

Saved in:
Bibliographic Details
Other Authors: Cofré Mardones, Hernán (Editor), Vergara Díaz, Claudia (editora), Spotorno Oyarzún, Angel (Editor)
Format: Book
Published: Valparaíso, Chile: Ediciones Universitarias de Valparaíso, 2021.
Series:Colección Educación / Serie Didáctica.
Subjects:
Tags: Add Tag
No Tags, Be the first to tag this record!

MARC

LEADER 00000nam a22000007a 4500
003 CL-VaPUC
005 20221117103830.0
008 221108t2021 ||||| |||| 00| 0 eng d
999 |c 439278  |d 439276 
020 |a 978-956-17-0916-4 
040 |c Pontificia Universidad Católica de Valparaíso 
082 7 |a 576.071 COF 2021  |2 22 
100 |a Cofré Mardones, Hernán  |9 567041  |e editor 
245 |a Enseñar evolución y genética para la alfabetización científica.  
260 |a Valparaíso, Chile:  |b Ediciones Universitarias de Valparaíso,   |c 2021. 
300 |a 401 páginas.  
490 |a Colección Educación / Serie Didáctica.  
500 |a Donación 2022 
583 |c 20221108  |k GC 
650 |a Evolución y genética  |x Enseñanza  |9 878282 
650 |a Alfabetización científica  |9 878283 
650 |a Biología   |x Enseñanza  |9 878284 
700 |a Vergara Díaz, Claudia  |e editora  |9 878285 
700 |a Spotorno Oyarzún, Angel   |e editor  |9 878286 
942 |2 ddc  |c BK 
952 |0 0  |1 0  |2 ddc  |4 0  |6 576_071000000000000_COF_2021  |7 0  |8 A  |9 587605  |a BIBCUR  |b BIBCUR  |c GEN  |d 2022-11-08  |f Donación   |i 5655481  |l 3  |m 3  |o 576.071 COF 2021  |p 5655481  |r 2025-04-22  |s 2023-11-07  |t 1  |w 2022-11-08  |y BK  |k BIO